| 000 | 00374nam a2200157Ia 4500 | ||
|---|---|---|---|
| 008 | 151213s9999 xx 000 0 und d | ||
| 100 | _aA.K.Sen | ||
| 245 |
_aCommercial Law and Industrial Law _cA.K.Sen |
||
| 250 | _a26th | ||
| 260 |
_aKolkata _bWorld Press Privet Ltd. _c2006 |
||
| 300 | _a6861 p. | ||
| 650 | _aLaw | ||
| 650 | _aLaw | ||
| 700 | _aA.K.Sen | ||
| 999 |
_c3693 _d3693 |
||